Η γοητευτική πορεία του σχεδιασμού των τίτλων στον κινηματογράφο

Αποθηκεύτηκε σε:
Λεπτομέρειες βιβλιογραφικής εγγραφής
Κύριος συγγραφέας: Δημητρά, Αναστασία
Μορφή: Βιβλίο
Γλώσσα:Greek
Δημοσίευση: Λευκάδα : Primarogli, [200-].
Θέματα:
Ετικέτες: Προσθήκη ετικέτας
Δεν υπάρχουν, Καταχωρήστε ετικέτα πρώτοι!

MARC

LEADER 00000cam a2200000 i 4500
001 1/7703
008 100520q200u gr | ||| |||| ||gre||
020 |a 9608700329 
035 |l 10107962 
040 |a GR-MyUA  |b gre  |e AACR2 
041 0 |a gre 
082 0 |a 791.436  |2 (22) 
100 1 |a Δημητρά, Αναστασία. 
245 1 2 |a Η γοητευτική πορεία του σχεδιασμού των τίτλων στον κινηματογράφο /   |c Αναστασία Δημητρά.  
260 |a Λευκάδα :   |b Primarogli,   |c [200-].  
300 |a 95 σ. :   |b έγχρ. εικ. ;   |c 20 εκ. 
504 |a Βιβλιογραφία: σ. 90.  
650 0 0 |a Motion pictures and history. 
650 0 0 |a Motion picture plays  |x History and criticism. 
650 0 0 |a Graphic arts  |x Technique. 
650 0 0 |a Credit titles (Motion pictures, television, etc.) 
852 |a INST  |b LESVOS  |e 20100520  |h 791.436 ΔΗΜ  |p 005100047243  |q 005100047243  |t BK  |y 0 
852 |a INST  |b LESVOS  |e 20100520  |h 791.436 ΔΗΜ  |p 005100047244  |q 005100047244  |t BK  |y 0 
852 |a INST  |b LESVOS  |e 20110406  |h 791.436 ΔΗΜ  |p 005100049112  |q 005100049112  |t BK  |y 0 
852 |a INST  |b LESVOS  |e 20110406  |h 791.436 ΔΗΜ  |p 005100049113  |q 005100049113  |t BK  |y 0 
852 |a INST  |b LESVOS  |e 20110406  |h 791.436 ΔΗΜ  |p 005100049114  |q 005100049114  |t BK  |y 0 
852 |a INST  |b RHODES  |e 20131211  |h 791.436 ΔΗΜ  |p 005400035872  |q 005400035872  |t BK  |y 0 
852 |a INST  |b SAMOS  |e 20150710  |h 791.436 ΔΗΜ  |p 005300042366  |q 005300042366  |t BK  |y 0 
901 |a BIBL1-2010-2 
901 |a BIBL1-2011-1 
901 |a BIBL4-2013-3 
909 |a Λ  |b 164250 
909 |a Λ  |b 164251 
909 |a Λ  |b 167906 
909 |a Λ  |b 167905 
909 |a Λ  |b 167904 
909 |a Ρ  |b 182380 
970 |a ΓΙΑΛΑΜΑ  |b ΜΑΡΙΑ  |z 2010/05/20